| 000 | 00603nam a2200217 a 4500 | ||
|---|---|---|---|
| 001 | 22804 | ||
| 003 | BD-RjUL | ||
| 005 | 20211209000845.0 | ||
| 008 | 140309s1922 enk 000 0 eng d | ||
| 035 | _a(BD-RjUL) | ||
| 035 | _a(BD-RjUL)22869 | ||
| 040 |
_aNUN _beng _cNUN _dVDU _dBD-RjUL |
||
| 041 | _aeng | ||
| 082 | 1 | 4 |
_a822.912 _219 _bMAM |
| 100 | 1 |
_aMasefield, John, _d1878-1967. _953320 |
|
| 245 | 1 | 0 |
_aMelloney Holtspur / _cJohn Masefield |
| 260 |
_aLond. : _bWilliam Heinemann, _c1922. |
||
| 300 |
_a[vii], 126 p. ; _c19 cm. |
||
| 650 |
_a English drama -- 20th century. _962525 |
||
| 942 |
_2ddc _cBK |
||
| 999 |
_c22804 _d22804 |
||